Contemporary history /

Saved in:
Bibliographic Details
Main Author: Pick, F. W. (Frederick Walter), 1912-
Format: Book
Language:English
Published: Oxford : The Pen-In-Hand, 1949.
Subjects:
LEADER 00711nam a2200205 a 4500
001 c000410375
003 CARM
005 00000000000000.0
008 941222s1949 enk 00000 eng d
019 1 |a 7101630 
040 |a VDU  |c VDU 
082 0 4 |a 909.82  |2 20 
100 1 |a Pick, F. W.  |q (Frederick Walter),  |d 1912- 
245 1 0 |a Contemporary history /  |c by F.W. Pick. 
260 |a Oxford :  |b The Pen-In-Hand,  |c 1949. 
300 |a 324 p. 
650 0 |a History, Modern  |y 20th century. 
852 8 |b CARM  |h A3:AF15A0  |i B11997  |p 0566059  |f BK 
999 f f |i 320ab965-ea59-5c80-b8e3-50579bc6c977  |s 0adc7cd0-7e10-5ce9-ad49-dac34e0131eb 
952 f f |p Can circulate  |a CAVAL  |b CAVAL  |c CAVAL  |d CARM 1 Store  |e B11997  |f A3:AF15A0  |h Other scheme  |i book  |m 0566059